De rood-witte sfinx, (Record no. 4366)
[ view plain ]
| 000 -LEADER | |
|---|---|
| fixed length control field | 00607cam a22002051 4500 |
| 001 - CONTROL NUMBER | |
| control field | af 48001137 |
| 003 - CONTROL NUMBER IDENTIFIER | |
| control field | DLC |
| 005 - DATE AND TIME OF LATEST TRANSACTION | |
| control field | 20260227110847.0 |
| 008 - FIXED-LENGTH DATA ELEMENTS--GENERAL INFORMATION | |
| fixed length control field | 890412s1943 ne 000 1 dut c |
| 010 ## - LIBRARY OF CONGRESS CONTROL NUMBER | |
| LC control number | af 48001137 |
| 035 ## - SYSTEM CONTROL NUMBER | |
| System control number | (OCoLC)19539049 |
| 040 ## - CATALOGING SOURCE | |
| Original cataloging agency | New York. Public Libr. |
| Transcribing agency | CU |
| Modifying agency | DLC |
| 042 ## - AUTHENTICATION CODE | |
| Authentication code | premarc |
| 050 00 - LIBRARY OF CONGRESS CALL NUMBER | |
| Classification number | PT2619.U473 |
| Item number | R62 |
| 100 1# - MAIN ENTRY--PERSONAL NAME | |
| Personal name | Jung, Hermann, |
| Dates associated with a name | 1901- |
| 245 13 - TITLE STATEMENT | |
| Title | De rood-witte sfinx, |
| Remainder of title | de roman van een verraadster. Een roman, op waarheid gegrond. |
| 260 ## - PUBLICATION, DISTRIBUTION, ETC. | |
| Place of publication, distribution, etc. | Amsterdam, |
| Name of publisher, distributor, etc. | Volksche Uitgeverij Westland, |
| Date of publication, distribution, etc. | 1943. |
| 300 ## - PHYSICAL DESCRIPTION | |
| Extent | 286 p. |
| Dimensions | 18 cm. |
| 440 #3 - SERIES STATEMENT/ADDED ENTRY--TITLE | |
| Title | De Bonte reeks |
No items available.